Giáo trình chăn nuôi gia súc nhai lại A (Sử dụng cho sinh viên đại học ngành chăn nuôi thú y)

Giáo trình cung cấp các kiến thức về chăn nuôi trâu, bò, dê, cừu. Sách gồm 10 chương với 8 chương đầu tập trung vào chăn nuôi trâu bò ở các nội dung vai trò và vị trí ngành chăn nuôi trâu bò, đặc điểm sinh học, giống và công tác giống tra...

Descrizione completa

Salvato in:
Dettagli Bibliografici
Autore principale: Nguyễn, Văn Thu
Natura: Libro
Lingua:Undetermined
Pubblicazione: Cần Thơ Trường Đại học Cần Thơ 2008
Soggetti:
Tags: Aggiungi Tag
Nessun Tag, puoi essere il primo ad aggiungerne! !
Thư viện lưu trữ: Trung tâm Học liệu Trường Đại học Cần Thơ
LEADER 01562nam a2200241Ia 4500
001 CTU_140917
008 210402s9999 xx 000 0 und d
082 |a 636.2 
082 |b Th500 
100 |a Nguyễn, Văn Thu 
245 0 |a Giáo trình chăn nuôi gia súc nhai lại A 
245 0 |b (Sử dụng cho sinh viên đại học ngành chăn nuôi thú y) 
245 0 |c Nguyễn Văn Thu, Nguyễn Thị Kim Đông 
260 |a Cần Thơ 
260 |b Trường Đại học Cần Thơ 
260 |c 2008 
520 |a Giáo trình cung cấp các kiến thức về chăn nuôi trâu, bò, dê, cừu. Sách gồm 10 chương với 8 chương đầu tập trung vào chăn nuôi trâu bò ở các nội dung vai trò và vị trí ngành chăn nuôi trâu bò, đặc điểm sinh học, giống và công tác giống trâu bò; sự sản xuất và khai thác sữa, chăn nuôi trâu bò lấy sữa, chăn nuôi trâu bò lấy thịt, chăn nuôi trâu bò cày kéo. Chương 9 nói về chăn nuôi dê và chwong 10 tập trung về chăn nuôi cừu 
526 |a Những tiến bộ mới về chăn nuôi gia súc nhai lại 
526 |b NN921 
650 |a Ruminants,Cattl,Động vật nhai lại,Gia súc 
650 |x Feeding and feeds,Breeding,Nuôi và chăm sóc,Chăn nuôi 
904 |i Huỳnh Mai 
980 |a Trung tâm Học liệu Trường Đại học Cần Thơ